000 01280nam0a2200325 4500
001 RU\NLR\BIBL_A\011737635
005 20180907114333.0
010 _a978-5-906911-95-7
_915000
021 _aRU
_bКН-П-18-036987
_9КН-П-18-2676
035 _a(NLR Aleph) 011737635
035 _a(RuMoRGB)009638280
090 _a11561627
_c11561627
100 _a20180625d2018 u y0rusy50 ca
101 0 _arus
102 _aRU
105 _aa w 000zy
200 1 _aГрех и борьба с ним
_eпо творениям святых отцов
_fсоставил архимандрит Наум (Байбородин)
210 _aМосква
_cСибирская Благозвонница
_d2018
215 _a58, [1] с.
_d17
320 _aБиблиогр. в конце кн. (11 назв.)
606 1 _aГрех (религ.)
_2nlr_sh1
_2nlr_sh2
_3RU\NLR\AUTH\66993402
610 0 _aгрех
686 2 _aЭ372.24-433.222
702 0 _aНаум
_cБайбородин, Николай Александрович
_cархимандрит
_f1927-2017
_3RU\NLR\AUTH\770186872
_4220
942 _cBOOK
980 _aNBR
980 _aNB